[Event "Blitz 2018"]
[Site "Saint-Petersburg"]
[Date "2018.12.30"]
[Round "21"]
[Board "61"]
[White "Seliverstov Vladimir (RUS)"]
[Black "Shaposhnikov Evgeny (RUS)"]
[Result "0-1"]
[LiveChessVersion "1.4.8"]
[BlackElo "2603"]
[WhiteElo "2512"]

1. d4 {[%clk 0:03:03]} Nf6 2. c4 e6 {[%clk 0:03:04]} 3. g3 {[%clk 0:03:06]} d5
{[%clk 0:02:55]} 4. Bg2 {[%clk 0:03:07]} Bb4+ {[%clk 0:02:55]} 5. Nd2
{[%clk 0:03:08]} O-O {[%clk 0:02:53]} 6. Qc2 {[%clk 0:03:08]} b6 {[%clk 0:02:44]}
7. Ngf3 {[%clk 0:03:07]} Bb7 {[%clk 0:02:43]} 8. O-O {[%clk 0:03:04]} a5
{[%clk 0:02:45]} 9. cxd5 {[%clk 0:02:58]} exd5 {[%clk 0:02:46]} 10. Ne5
{[%clk 0:02:59]} Bd6 {[%clk 0:02:38]} 11. Ndf3 {[%clk 0:02:58]} Na6
{[%clk 0:02:34]} 12. Bg5 {[%clk 0:02:53]} Re8 {[%clk 0:02:26]} 13. a3
{[%clk 0:02:43]} h6 {[%clk 0:02:24]} 14. Nc6 {[%clk 0:01:51]} Bxc6
{[%clk 0:02:15]} 15. Bxf6 {[%clk 0:01:52]} Qd7 {[%clk 0:02:13]} 16. Ne5
{[%clk 0:01:32]} Bxe5 {[%clk 0:02:13]} 17. Bxe5 {[%clk 0:01:34]} Ba4
{[%clk 0:02:04]} 18. b3 {[%clk 0:01:30]} Bc6 {[%clk 0:02:01]} 19. Rac1
{[%clk 0:01:25]} Bb7 {[%clk 0:02:01]} 20. Rfd1 {[%clk 0:00:46]} Qe6
{[%clk 0:01:56]} 21. Bf3 {[%clk 0:00:42]} Rac8 {[%clk 0:01:50]} 22. Bf4
{[%clk 0:00:37]} c5 {[%clk 0:01:46]} 23. Qd2 {[%clk 0:00:34]} Red8
{[%clk 0:01:42]} 24. Be3 {[%clk 0:00:26]} Qe7 {[%clk 0:01:30]} 25. dxc5
{[%clk 0:00:24]} Nxc5 {[%clk 0:01:30]} 26. Qb2 {[%clk 0:00:25]} Qe6
{[%clk 0:01:20]} 27. b4 {[%clk 0:00:23]} axb4 28. axb4 {[%clk 0:00:24]} Ne4
{[%clk 0:01:18]} 29. Qd4 {[%clk 0:00:24]} b5 {[%clk 0:01:14]} 30. Qa7
{[%clk 0:00:23]} Bc6 {[%clk 0:01:09]} 31. Qb6 {[%clk 0:00:21]} Be8
{[%clk 0:00:53]} 32. Rxc8 {[%clk 0:00:19]} Rxc8 {[%clk 0:00:44]} 33. Qb7
{[%clk 0:00:15]} Nc3 {[%clk 0:00:40]} 34. Rc1 {[%clk 0:00:13]} Rc4
{[%clk 0:00:38]} 35. Kg2 {[%clk 0:00:12]} Bc6 {[%clk 0:00:35]} 36. Qb8+
{[%clk 0:00:13]} Kh7 {[%clk 0:00:36]} 37. Ra1 {[%clk 0:00:11]} d4
{[%clk 0:00:36]} 38. Bf4 {[%clk 0:00:11]} Nxe2 {[%clk 0:00:32]} 39. Bxc6
{[%clk 0:00:07]} Qxc6+ {[%clk 0:00:31]} 40. Kh3 {[%clk 0:00:07]} Qe6+
{[%clk 0:00:29]} 41. Kg2 {[%clk 0:00:08]} Qe4+ {[%clk 0:00:30]} 42. f3
{[%clk 0:00:07]} Nxf4+ {[%clk 0:00:30]} 43. gxf4 {[%clk 0:00:08]} Rc2+
{[%clk 0:00:30]} 44. Kg3 {[%clk 0:00:09]} Qg6+ {[%clk 0:00:30]} 0-1

[Event "Blitz 2018"]
[Site "Saint-Petersburg"]
[Date "2018.12.30"]
[Round "21"]
[Board "62"]
[White "Pantsulaia Levan (GEO)"]
[Black "Sanikidze Tornike (GEO)"]
[Result "1/2-1/2"]
[LiveChessVersion "1.4.8"]
[BlackElo "2484"]
[WhiteElo "2584"]

1. g3 {[%clk 0:03:02]} g6 {[%clk 0:03:02]} 2. Bg2 {[%clk 0:03:03]} Bg7
{[%clk 0:03:03]} 3. Nf3 {[%clk 0:02:57]} c5 {[%clk 0:03:04]} 4. O-O
{[%clk 0:02:56]} Nc6 {[%clk 0:03:05]} 5. c4 {[%clk 0:02:55]} Nh6 {[%clk 0:03:06]}
6. Nc3 {[%clk 0:02:52]} O-O {[%clk 0:02:59]} 7. e3 {[%clk 0:02:18]} d6
{[%clk 0:02:58]} 8. d4 {[%clk 0:02:17]} cxd4 {[%clk 0:02:59]} 9. Nxd4
{[%clk 0:02:14]} Nxd4 {[%clk 0:02:58]} 10. exd4 {[%clk 0:02:15]} Nf5
{[%clk 0:02:57]} 11. d5 {[%clk 0:02:15]} a6 {[%clk 0:02:52]} 12. Qd3
{[%clk 0:02:14]} b5 {[%clk 0:02:47]} 13. cxb5 {[%clk 0:02:02]} axb5
{[%clk 0:02:49]} 14. Nxb5 {[%clk 0:02:03]} Ba6 {[%clk 0:02:50]} 15. a4
{[%clk 0:02:04]} Qb6 {[%clk 0:02:33]} 16. Ra3 {[%clk 0:01:51]} Rfb8
{[%clk 0:02:19]} 17. Re1 {[%clk 0:01:16]} Bf6 {[%clk 0:02:01]} 18. Be4
{[%clk 0:00:46]} Nd4 {[%clk 0:01:56]} 19. Be3 {[%clk 0:00:47]} Bxb5
{[%clk 0:01:57]} 20. axb5 {[%clk 0:00:46]} Rxa3 {[%clk 0:01:48]} 21. bxa3
{[%clk 0:00:47]} Qxb5 {[%clk 0:01:43]} 22. Bxd4 {[%clk 0:00:43]} Qxd3
{[%clk 0:01:44]} 23. Bxd3 {[%clk 0:00:44]} Bxd4 {[%clk 0:01:44]} 24. Rxe7
{[%clk 0:00:44]} Rb3 {[%clk 0:01:38]} 25. Be2 {[%clk 0:00:29]} Rxa3
{[%clk 0:01:38]} 26. Re4 {[%clk 0:00:23]} Bc5 {[%clk 0:01:38]} 27. Bb5
{[%clk 0:00:19]} Ra2 {[%clk 0:01:31]} 28. Re2 {[%clk 0:00:20]} Rxe2
{[%clk 0:01:31]} 29. Bxe2 {[%clk 0:00:20]} 1/2-1/2

[Event "Blitz 2018"]
[Site "Saint-Petersburg"]
[Date "2018.12.30"]
[Round "21"]
[Board "63"]
[White "Demchenko Anton (RUS)"]
[Black "Reshetnikov Alexey (RUS)"]
[Result "1/2-1/2"]
[LiveChessVersion "1.4.8"]
[BlackElo "2473"]
[WhiteElo "2572"]

1. e4 {[%clk 0:03:03]} c5 {[%clk 0:03:03]} 2. Nf3 {[%clk 0:03:04]} e6
{[%clk 0:03:05]} 3. g3 {[%clk 0:03:04]} Nc6 {[%clk 0:03:06]} 4. Bg2
{[%clk 0:03:06]} d6 {[%clk 0:03:01]} 5. O-O {[%clk 0:03:05]} Nf6 {[%clk 0:03:01]}
6. Qe2 {[%clk 0:03:04]} Be7 {[%clk 0:03:00]} 7. c3 {[%clk 0:03:05]} O-O
{[%clk 0:03:00]} 8. d4 {[%clk 0:02:48]} cxd4 {[%clk 0:03:01]} 9. cxd4
{[%clk 0:02:49]} d5 {[%clk 0:03:02]} 10. e5 {[%clk 0:02:50]} Ne4 {[%clk 0:03:03]}
11. Be3 {[%clk 0:02:51]} Bd7 {[%clk 0:03:03]} 12. Ne1 {[%clk 0:02:44]} f5
{[%clk 0:02:32]} 13. f3 {[%clk 0:02:38]} Ng5 {[%clk 0:02:33]} 14. Nd3
{[%clk 0:02:29]} Qb6 {[%clk 0:02:14]} 15. Nc3 {[%clk 0:02:24]} Qa6
{[%clk 0:02:04]} 16. Rfd1 {[%clk 0:02:05]} Nf7 {[%clk 0:02:05]} 17. f4
{[%clk 0:02:04]} Rfc8 {[%clk 0:02:05]} 18. Bf1 {[%clk 0:02:04]} Nb4
{[%clk 0:01:51]} 19. Qf2 {[%clk 0:01:23]} Nxd3 {[%clk 0:01:51]} 20. Bxd3
{[%clk 0:01:25]} Qa5 {[%clk 0:01:45]} 21. h3 {[%clk 0:01:24]} b5 {[%clk 0:01:43]}
22. g4 {[%clk 0:01:01]} b4 {[%clk 0:01:43]} 23. Ne2 {[%clk 0:01:03]} Nh6
{[%clk 0:01:42]} 24. gxf5 {[%clk 0:00:57]} Nxf5 {[%clk 0:01:41]} 25. Bxf5
{[%clk 0:00:57]} exf5 {[%clk 0:01:43]} 26. Nc1 {[%clk 0:00:51]} Rc6
{[%clk 0:00:51]} 27. Nb3 {[%clk 0:00:44]} Rg6+ {[%clk 0:00:52]} 28. Kh2
{[%clk 0:00:45]} Qd8 {[%clk 0:00:53]} 29. Rg1 {[%clk 0:00:46]} Rxg1
{[%clk 0:00:35]} 30. Rxg1 {[%clk 0:00:47]} Rc8 {[%clk 0:00:35]} 31. Qg2
{[%clk 0:00:47]} g6 {[%clk 0:00:29]} 32. Qxd5+ {[%clk 0:00:47]} Kh8
{[%clk 0:00:30]} 33. Rc1 {[%clk 0:00:43]} Rxc1 {[%clk 0:00:27]} 34. Nxc1
{[%clk 0:00:44]} Qc8 {[%clk 0:00:28]} 35. Qb3 {[%clk 0:00:37]} Bb5
{[%clk 0:00:14]} 36. d5 {[%clk 0:00:36]} Bf8 {[%clk 0:00:08]} 37. d6
{[%clk 0:00:32]} Qd8 {[%clk 0:00:08]} 38. Bf2 {[%clk 0:00:31]} Qa8
{[%clk 0:00:08]} 39. Qf7 {[%clk 0:00:22]} Bh6 {[%clk 0:00:09]} 40. Kg3
{[%clk 0:00:22]} Qe4 {[%clk 0:00:11]} 41. Qf6+ {[%clk 0:00:22]} Kg8
{[%clk 0:00:12]} 42. Qe6+ {[%clk 0:00:14]} Kh8 {[%clk 0:00:11]} 43. Qf6+ Kg8 44.
Qh4 {[%clk 0:00:16]} Bc6 {[%clk 0:00:13]} 45. Qxh6 {[%clk 0:00:07]} Qg2+
{[%clk 0:00:14]} 46. Kh4 {[%clk 0:00:09]} Qxf2+ {[%clk 0:00:15]} 47. Kg5
{[%clk 0:00:11]} Qb6 {[%clk 0:00:05]} 48. Kh4 {[%clk 0:00:06]} Qf2+ 49. Kg5 Qb6
{[%clk 0:00:08]} 50. Kh4 {[%clk 0:00:04]} Qf2+ 51. Kg5 Qb6 {[%clk 0:00:11]} 52.
Kh4 {[%clk 0:00:04]} 1/2-1/2

[Event "Blitz 2018"]
[Site "Saint-Petersburg"]
[Date "2018.12.30"]
[Round "21"]
[Board "64"]
[White "Carlsson Pontus (SWE)"]
[Black "Zakhartsov Vladimir (RUS)"]
[Result "1-0"]
[LiveChessVersion "1.4.8"]
[BlackElo "2567"]
[WhiteElo "2511"]

1. e4 {[%clk 0:03:03]} c5 {[%clk 0:03:04]} 2. Nf3 {[%clk 0:03:04]} d6
{[%clk 0:03:04]} 3. Bb5+ {[%clk 0:03:05]} Bd7 {[%clk 0:03:04]} 4. Bxd7+
{[%clk 0:03:04]} Qxd7 {[%clk 0:03:04]} 5. c4 {[%clk 0:03:04]} Qg4
{[%clk 0:02:50]} 6. O-O {[%clk 0:02:56]} Qxe4 {[%clk 0:02:50]} 7. d4
{[%clk 0:02:50]} Qc6 {[%clk 0:02:51]} 8. d5 {[%clk 0:02:46]} Qd7 {[%clk 0:02:49]}
9. Bg5 {[%clk 0:02:42]} g6 {[%clk 0:02:45]} 10. Re1 {[%clk 0:02:39]} Bg7
{[%clk 0:02:46]} 11. Nc3 {[%clk 0:02:20]} h6 {[%clk 0:02:41]} 12. Bh4
{[%clk 0:02:17]} Nf6 {[%clk 0:02:23]} 13. Qe2 {[%clk 0:02:13]} Na6
{[%clk 0:02:11]} 14. h3 {[%clk 0:02:08]} Nc7 {[%clk 0:01:47]} 15. Rad1
{[%clk 0:02:08]} Kf8 {[%clk 0:01:36]} 16. Rd3 {[%clk 0:02:08]} Re8
{[%clk 0:01:31]} 17. Re3 {[%clk 0:02:08]} b5 {[%clk 0:01:22]} 18. b3
{[%clk 0:01:56]} b4 {[%clk 0:01:22]} 19. Ne4 {[%clk 0:01:50]} Nxe4
{[%clk 0:01:22]} 20. Rxe4 {[%clk 0:01:51]} g5 {[%clk 0:01:23]} 21. Bg3
{[%clk 0:01:35]} f5 {[%clk 0:01:21]} 22. Re6 {[%clk 0:01:28]} Nxe6
{[%clk 0:00:57]} 23. dxe6 {[%clk 0:01:28]} Qc6 {[%clk 0:00:50]} 24. Qd3
{[%clk 0:01:29]} Kg8 {[%clk 0:00:50]} 25. Qxf5 {[%clk 0:01:27]} Rf8
{[%clk 0:00:51]} 26. Qd3 {[%clk 0:01:21]} Rh7 {[%clk 0:00:41]} 27. Re4
{[%clk 0:01:16]} Bf6 {[%clk 0:00:39]} 28. h4 {[%clk 0:01:16]} Rg7
{[%clk 0:00:37]} 29. hxg5 {[%clk 0:01:16]} Bxg5 {[%clk 0:00:35]} 30. Nh2
{[%clk 0:01:11]} Qe8 {[%clk 0:00:33]} 31. Ng4 {[%clk 0:01:03]} h5
{[%clk 0:00:32]} 32. Nh2 {[%clk 0:00:57]} Qg6 {[%clk 0:00:32]} 33. Nf3
{[%clk 0:00:49]} h4 {[%clk 0:00:25]} 34. Bxh4 {[%clk 0:00:38]} Bxh4
{[%clk 0:00:19]} 35. Nxh4 {[%clk 0:00:37]} Qg5 {[%clk 0:00:20]} 36. g3
{[%clk 0:00:27]} Rf4 {[%clk 0:00:14]} 37. Rxf4 {[%clk 0:00:25]} Qxf4
{[%clk 0:00:15]} 38. Nf5 {[%clk 0:00:22]} Qc1+ {[%clk 0:00:13]} 39. Kg2
{[%clk 0:00:23]} Rh7 {[%clk 0:00:14]} 40. Nxe7+ {[%clk 0:00:18]} Kh8
{[%clk 0:00:08]} 41. Ng6+ {[%clk 0:00:15]} Kg7 {[%clk 0:00:09]} 42. Nh4
{[%clk 0:00:15]} Qe1 {[%clk 0:00:09]} 43. Qg6+ {[%clk 0:00:12]} Kh8
{[%clk 0:00:09]} 44. Qe8+ {[%clk 0:00:11]} Kg7 {[%clk 0:00:10]} 45. Qf7+ 1-0

[Event "Blitz 2018"]
[Site "Saint-Petersburg"]
[Date "2018.12.30"]
[Round "21"]
[Board "65"]
[White "Vastrukhin Oleg (RUS)"]
[Black "Khanin Semen (RUS)"]
[Result "1-0"]
[LiveChessVersion "1.4.8"]
[BlackElo "2564"]
[WhiteElo "2488"]

1. Nf3 {[%clk 0:03:03]} d5 {[%clk 0:03:03]} 2. g3 {[%clk 0:03:04]} Bg4
{[%clk 0:03:02]} 3. Ne5 {[%clk 0:03:05]} Bf5 {[%clk 0:03:00]} 4. d4
{[%clk 0:03:06]} Nd7 {[%clk 0:03:00]} 5. Bg2 {[%clk 0:03:07]} c6 {[%clk 0:03:01]}
6. O-O {[%clk 0:03:06]} e6 {[%clk 0:02:59]} 7. c4 {[%clk 0:03:07]} Ngf6
{[%clk 0:02:59]} 8. Nc3 {[%clk 0:03:07]} Be7 {[%clk 0:02:53]} 9. Qb3
{[%clk 0:03:08]} Qb6 {[%clk 0:02:52]} 10. Nxd7 {[%clk 0:03:08]} Nxd7
{[%clk 0:02:49]} 11. e4 {[%clk 0:03:09]} dxe4 {[%clk 0:02:47]} 12. Nxe4
{[%clk 0:03:09]} O-O {[%clk 0:02:46]} 13. Be3 {[%clk 0:03:10]} h6
{[%clk 0:02:34]} 14. h3 {[%clk 0:03:10]} Rfd8 {[%clk 0:02:31]} 15. Rfd1
{[%clk 0:03:07]} Nf6 {[%clk 0:02:28]} 16. Nc5 {[%clk 0:03:05]} Bxc5
{[%clk 0:02:21]} 17. dxc5 {[%clk 0:03:06]} Qc7 {[%clk 0:02:14]} 18. Rd6
{[%clk 0:02:42]} Rxd6 {[%clk 0:02:10]} 19. cxd6 {[%clk 0:02:43]} Qd7
{[%clk 0:01:16]} 20. c5 {[%clk 0:02:43]} Nd5 {[%clk 0:01:16]} 21. Bd4
{[%clk 0:02:29]} b6 {[%clk 0:01:14]} 22. Rc1 {[%clk 0:02:25]} Rb8
{[%clk 0:01:11]} 23. Qa3 {[%clk 0:02:14]} f6 {[%clk 0:00:56]} 24. g4
{[%clk 0:01:54]} Bg6 {[%clk 0:00:56]} 25. b4 {[%clk 0:01:53]} Bf7
{[%clk 0:00:56]} 26. b5 {[%clk 0:01:43]} bxc5 {[%clk 0:00:56]} 27. bxc6
{[%clk 0:01:03]} Qxd6 {[%clk 0:00:26]} 28. Bxc5 {[%clk 0:01:01]} Qxc6
{[%clk 0:00:26]} 29. Bd6 {[%clk 0:00:48]} Qb6 {[%clk 0:00:27]} 30. Bxb8
{[%clk 0:00:47]} Qxb8 {[%clk 0:00:28]} 31. Qb3 {[%clk 0:00:36]} Qf4
{[%clk 0:00:20]} 32. Rc4 {[%clk 0:00:33]} Qe5 {[%clk 0:00:19]} 33. Rc8+
{[%clk 0:00:29]} Kh7 {[%clk 0:00:20]} 34. Bxd5 {[%clk 0:00:22]} exd5
{[%clk 0:00:20]} 35. Qe3 {[%clk 0:00:18]} Qa1+ {[%clk 0:00:18]} 36. Kh2
{[%clk 0:00:19]} Bg6 {[%clk 0:00:17]} 37. Rc7 {[%clk 0:00:14]} Be4
{[%clk 0:00:17]} 38. f3 {[%clk 0:00:13]} Qe5+ {[%clk 0:00:18]} 39. Kg2
{[%clk 0:00:11]} Qxc7 {[%clk 0:00:17]} 40. fxe4 {[%clk 0:00:12]} Qc2+
{[%clk 0:00:17]} 41. Kg3 {[%clk 0:00:13]} dxe4 {[%clk 0:00:16]} 42. Qxa7
{[%clk 0:00:14]} Qd3+ {[%clk 0:00:17]} 43. Kf2 {[%clk 0:00:04]} e3+
{[%clk 0:00:18]} 44. Qxe3 {[%clk 0:00:04]} Qc2+ {[%clk 0:00:18]} 45. Qe2
{[%clk 0:00:05]} Qxa2 {[%clk 0:00:19]} 46. Qxa2 {[%clk 0:00:06]} 1-0

[Event "Blitz 2018"]
[Site "Saint-Petersburg"]
[Date "2018.12.30"]
[Round "21"]
[Board "66"]
[White "Khismatullin Denis (RUS)"]
[Black "Dzhumagaliev Yan (RUS)"]
[Result "1-0"]
[LiveChessVersion "1.4.8"]
[BlackElo "2489"]
[WhiteElo "2674"]

1. b3 {[%clk 0:03:03]} a5 {[%clk 0:03:02]} 2. Nc3 {[%clk 0:03:03]} d5
{[%clk 0:02:58]} 3. d4 {[%clk 0:03:02]} Nf6 {[%clk 0:02:58]} 4. f3
{[%clk 0:03:01]} Bf5 {[%clk 0:02:54]} 5. g4 {[%clk 0:02:59]} Bg6 {[%clk 0:02:53]}
6. h4 {[%clk 0:03:00]} h5 {[%clk 0:02:52]} 7. g5 {[%clk 0:03:01]} Ng8
{[%clk 0:02:53]} 8. e4 {[%clk 0:03:01]} dxe4 {[%clk 0:02:49]} 9. Nxe4
{[%clk 0:02:58]} e5 {[%clk 0:02:32]} 10. dxe5 {[%clk 0:02:30]} Bb4+
{[%clk 0:02:24]} 11. c3 {[%clk 0:02:26]} Qxd1+ {[%clk 0:01:56]} 12. Kxd1
{[%clk 0:02:26]} Be7 {[%clk 0:01:53]} 13. Bf4 {[%clk 0:02:07]} Nd7
{[%clk 0:01:38]} 14. Bh3 {[%clk 0:01:55]} Nb6 {[%clk 0:01:28]} 15. Ne2
{[%clk 0:01:50]} Nd5 {[%clk 0:01:21]} 16. Bd2 {[%clk 0:01:43]} a4
{[%clk 0:00:45]} 17. Kc2 {[%clk 0:01:39]} f5 {[%clk 0:00:34]} 18. N4g3
{[%clk 0:01:11]} f4+ {[%clk 0:00:24]} 19. Bf5 {[%clk 0:01:12]} Bxf5+
{[%clk 0:00:17]} 20. Nxf5 {[%clk 0:01:12]} g6 {[%clk 0:00:18]} 21. Nfd4
{[%clk 0:01:13]} Bc5 {[%clk 0:00:15]} 22. Ne6 {[%clk 0:00:53]} Bb6
{[%clk 0:00:16]} 23. c4 {[%clk 0:00:49]} Ne3+ {[%clk 0:00:10]} 24. Bxe3
{[%clk 0:00:50]} fxe3 {[%clk 0:00:11]} 25. c5 {[%clk 0:00:51]} Ke7
{[%clk 0:00:13]} 26. N2f4 {[%clk 0:00:52]} Ba5 {[%clk 0:00:09]} 27. b4
{[%clk 0:00:50]} Bxb4 {[%clk 0:00:10]} 28. Nxc7 {[%clk 0:00:51]} Rf8
{[%clk 0:00:09]} 29. Nxg6+ {[%clk 0:00:51]} Kd7 {[%clk 0:00:08]} 30. Nxf8+
{[%clk 0:00:43]} Kxc7 {[%clk 0:00:10]} 31. Rab1 {[%clk 0:00:42]} Bxc5
{[%clk 0:00:10]} 32. Ne6+ {[%clk 0:00:43]} Kc6 {[%clk 0:00:11]} 33. Nxc5
{[%clk 0:00:43]} Kxc5 {[%clk 0:00:12]} 34. Rxb7 {[%clk 0:00:44]} Kd5
{[%clk 0:00:13]} 35. Re1 {[%clk 0:00:43]} Ke6 {[%clk 0:00:12]} 36. Rxe3
{[%clk 0:00:43]} Ne7 {[%clk 0:00:13]} 37. Rxe7+ {[%clk 0:00:42]} Kd5 1-0

[Event "Blitz 2018"]
[Site "Saint-Petersburg"]
[Date "2018.12.30"]
[Round "21"]
[Board "67"]
[White "Zvjaginsev Vadim (RUS)"]
[Black "Zhigalko Andrey (BLR)"]
[Result "1-0"]
[LiveChessVersion "1.4.8"]
[BlackElo "2493"]
[WhiteElo "2649"]

1. e4 {[%clk 0:03:03]} c5 {[%clk 0:03:04]} 2. Nf3 {[%clk 0:03:04]} d6
{[%clk 0:03:05]} 3. Bd3 {[%clk 0:03:05]} Nf6 {[%clk 0:02:54]} 4. O-O
{[%clk 0:02:45]} Bg4 {[%clk 0:02:54]} 5. h3 {[%clk 0:02:45]} Bh5 {[%clk 0:02:55]}
6. Re1 {[%clk 0:02:46]} Nc6 {[%clk 0:02:51]} 7. Bb5 {[%clk 0:02:47]} Rc8
{[%clk 0:02:38]} 8. d4 {[%clk 0:02:28]} Bxf3 {[%clk 0:02:07]} 9. gxf3
{[%clk 0:02:29]} cxd4 {[%clk 0:02:07]} 10. Qxd4 {[%clk 0:02:28]} Qd7
{[%clk 0:01:59]} 11. Bxc6 {[%clk 0:02:27]} bxc6 {[%clk 0:01:57]} 12. Kg2
{[%clk 0:02:25]} g6 {[%clk 0:01:55]} 13. Nc3 {[%clk 0:02:12]} Bg7
{[%clk 0:01:54]} 14. Be3 {[%clk 0:02:09]} Nh5 {[%clk 0:01:50]} 15. Qd2
{[%clk 0:01:59]} O-O {[%clk 0:01:48]} 16. f4 {[%clk 0:01:52]} f5 {[%clk 0:01:09]}
17. e5 {[%clk 0:01:52]} Qb7 {[%clk 0:01:08]} 18. exd6 {[%clk 0:01:44]} exd6
{[%clk 0:01:06]} 19. Rab1 {[%clk 0:01:32]} d5 {[%clk 0:00:47]} 20. Bd4
{[%clk 0:01:24]} c5 {[%clk 0:00:25]} 21. Bxg7 {[%clk 0:01:23]} d4+
{[%clk 0:00:26]} 22. Kh2 {[%clk 0:01:21]} Kxg7 {[%clk 0:00:16]} 23. Ne2
{[%clk 0:01:13]} Rfe8 {[%clk 0:00:14]} 24. Ng3 {[%clk 0:01:09]} Nf6
{[%clk 0:00:14]} 25. Qd3 {[%clk 0:00:43]} Ne4 {[%clk 0:00:14]} 26. Re2
{[%clk 0:00:41]} Qd5 {[%clk 0:00:07]} 27. Rg1 {[%clk 0:00:31]} c4
{[%clk 0:00:07]} 28. Qxd4+ {[%clk 0:00:30]} Qxd4 {[%clk 0:00:06]} 29. Nxf5+
{[%clk 0:00:30]} Kf6 {[%clk 0:00:05]} 30. Nxd4 {[%clk 0:00:30]} c3
{[%clk 0:00:05]} 31. bxc3 {[%clk 0:00:27]} Nxc3 {[%clk 0:00:04]} 32. Re3
{[%clk 0:00:22]} Nd5 {[%clk 0:00:05]} 33. Ra3 {[%clk 0:00:22]} Re4
{[%clk 0:00:04]} 34. Ra6+ {[%clk 0:00:21]} Kf7 {[%clk 0:00:04]} 35. Rxa7+
{[%clk 0:00:22]} Kf6 {[%clk 0:00:05]} 36. Rd1 {[%clk 0:00:21]} Rxf4
{[%clk 0:00:05]} 37. f3 {[%clk 0:00:22]} Nc3 {[%clk 0:00:05]} 38. Rd3
{[%clk 0:00:23]} Rd8 {[%clk 0:00:05]} 39. Ra6+ {[%clk 0:00:20]} Kf7
{[%clk 0:00:06]} 40. Rxc3 {[%clk 0:00:20]} Rfxd4 {[%clk 0:00:06]} 41. Rc7+
{[%clk 0:00:20]} R8d7 {[%clk 0:00:06]} 42. Raa7 {[%clk 0:00:19]} Rxc7
{[%clk 0:00:06]} 43. Rxc7+ {[%clk 0:00:20]} Kf6 {[%clk 0:00:07]} 44. Rxh7
{[%clk 0:00:19]} Ra4 {[%clk 0:00:08]} 45. Kg3 {[%clk 0:00:19]} Rxa2
{[%clk 0:00:10]} 46. Rc7 {[%clk 0:00:20]} Ra4 {[%clk 0:00:06]} 47. c4
{[%clk 0:00:20]} Ke6 {[%clk 0:00:05]} 48. Rc6+ {[%clk 0:00:20]} Kf5
{[%clk 0:00:06]} 49. h4 {[%clk 0:00:20]} Rb4 {[%clk 0:00:04]} 50. Rc5+
{[%clk 0:00:21]} Kf6 {[%clk 0:00:05]} 51. Kg4 {[%clk 0:00:21]} Rb1
{[%clk 0:00:04]} 52. Rc6+ {[%clk 0:00:21]} Kf7 {[%clk 0:00:05]} 53. c5
{[%clk 0:00:18]} Rg1+ {[%clk 0:00:06]} 54. Kh3 {[%clk 0:00:19]} Rh1+
{[%clk 0:00:07]} 55. Kg3 {[%clk 0:00:20]} Rg1+ {[%clk 0:00:07]} 56. Kh2
{[%clk 0:00:21]} Rc1 {[%clk 0:00:08]} 57. Rc8 {[%clk 0:00:17]} Rc3
{[%clk 0:00:07]} 58. Kg3 {[%clk 0:00:18]} Rc1 {[%clk 0:00:08]} 59. c6
{[%clk 0:00:19]} Ke7 {[%clk 0:00:07]} 60. Kf4 {[%clk 0:00:17]} Kf6
{[%clk 0:00:08]} 61. c7 {[%clk 0:00:17]} Kg7 {[%clk 0:00:06]} 62. Kg3
{[%clk 0:00:17]} Rc4 {[%clk 0:00:05]} 63. f4 {[%clk 0:00:18]} Rc3+
{[%clk 0:00:03]} 64. Kg4 {[%clk 0:00:17]} Rc4 {[%clk 0:00:04]} 65. h5
{[%clk 0:00:16]} gxh5+ {[%clk 0:00:04]} 66. Kxh5 {[%clk 0:00:16]} Rc5+
{[%clk 0:00:04]} 67. Kg4 {[%clk 0:00:17]} Rc4 {[%clk 0:00:05]} 68. Kg5
{[%clk 0:00:18]} Rc5+ {[%clk 0:00:04]} 69. f5 {[%clk 0:00:18]} Kh7
{[%clk 0:00:06]} 70. Kf4 {[%clk 0:00:18]} Rc6 {[%clk 0:00:06]} 71. Ke4
{[%clk 0:00:18]} Kg7 {[%clk 0:00:06]} 72. f6+ {[%clk 0:00:16]} 1-0

[Event "Blitz 2018"]
[Site "Saint-Petersburg"]
[Date "2018.12.30"]
[Round "21"]
[Board "68"]
[White "Gabrielian Artur (RUS)"]
[Black "Drygalov Andrey (RUS)"]
[Result "0-1"]
[LiveChessVersion "1.4.8"]
[BlackElo "2509"]
[WhiteElo "2562"]

1. e4 {[%clk 0:03:03]} c5 {[%clk 0:03:04]} 2. Nc3 {[%clk 0:03:03]} a6
{[%clk 0:03:05]} 3. g3 {[%clk 0:03:03]} b5 {[%clk 0:03:06]} 4. Bg2 Bb7 5. d3
{[%clk 0:03:02]} e6 {[%clk 0:03:08]} 6. Nge2 {[%clk 0:02:59]} d5 {[%clk 0:02:52]}
7. exd5 {[%clk 0:02:55]} Nf6 {[%clk 0:02:51]} 8. O-O {[%clk 0:02:52]} Nxd5
{[%clk 0:02:52]} 9. Ne4 {[%clk 0:02:36]} Nc6 {[%clk 0:02:43]} 10. Nf4
{[%clk 0:02:23]} Nxf4 {[%clk 0:02:38]} 11. Bxf4 {[%clk 0:02:23]} Be7
{[%clk 0:02:27]} 12. Be3 {[%clk 0:02:18]} Qb6 {[%clk 0:01:59]} 13. Qh5
{[%clk 0:02:08]} Nd4 {[%clk 0:01:39]} 14. b4 {[%clk 0:01:45]} Bxe4
{[%clk 0:00:50]} 15. Bxe4 {[%clk 0:01:36]} Rc8 {[%clk 0:00:46]} 16. Rac1
{[%clk 0:01:10]} cxb4 {[%clk 0:00:36]} 17. Qe5 {[%clk 0:01:00]} Bf6
{[%clk 0:00:36]} 18. Bxd4 {[%clk 0:00:45]} Qxd4 {[%clk 0:00:35]} 19. Qxd4
{[%clk 0:00:44]} Bxd4 {[%clk 0:00:36]} 20. Bb7 {[%clk 0:00:44]} Rb8
{[%clk 0:00:37]} 21. Bg2 {[%clk 0:00:19]} Ke7 {[%clk 0:00:38]} 22. Rb1
{[%clk 0:00:12]} a5 {[%clk 0:00:37]} 23. Rfe1 {[%clk 0:00:11]} Rhc8
{[%clk 0:00:33]} 24. Re2 {[%clk 0:00:14]} Rc3 {[%clk 0:00:31]} 25. Be4
{[%clk 0:00:09]} Ra3 {[%clk 0:00:32]} 26. Kg2 {[%clk 0:00:06]} Rxa2
{[%clk 0:00:32]} 27. f4 {[%clk 0:00:07]} Rc8 {[%clk 0:00:32]} 28. Rc1
{[%clk 0:00:07]} b3 {[%clk 0:00:32]} 29. f5 {[%clk 0:00:05]} Raxc2
{[%clk 0:00:22]} 0-1